ბათუმის შოთა რუსთაველის სახელმწიფო უნივერსიტეტის ბიბლიოთეკა

ტყის მეურნეობის წარმოების ორგანიზაცია და დაგეგმვა (ნაწ. 2) (ბიბ.ჩანაწერი № 44482)

000 -LEADER
fixed length control field 00926nam a2200217Ia 4500
001 - CONTROL NUMBER
control field 11280
003 - CONTROL NUMBER IDENTIFIER
control field GE_BSU
008 - FIXED-LENGTH DATA ELEMENTS--GENERAL INFORMATION
fixed length control field 181216s||||||||xx |||||||||||||| ||und||
040 ## - CATALOGING SOURCE
Transcribing agency GE_BSU
080 ## - UNIVERSAL DECIMAL CLASSIFICATION NUMBER
Universal Decimal Classification number 630.2(075.8)
100 ## - MAIN ENTRY--PERSONAL NAME
Personal name თარგამაძე კ.მ.
245 ## - TITLE STATEMENT
Title ტყის მეურნეობის წარმოების ორგანიზაცია და დაგეგმვა (ნაწ. 2)
245 ## - TITLE STATEMENT
Statement of responsibility, etc. რედ: ვ.მ. გულისაშვილი, პ.მ. ჟღენტი
260 ## - PUBLICATION, DISTRIBUTION, ETC.
Place of publication, distribution, etc. თბილისი.
260 ## - PUBLICATION, DISTRIBUTION, ETC.
Name of publisher, distributor, etc. სას-სამ. ინ-ტის გამ-ბა
260 ## - PUBLICATION, DISTRIBUTION, ETC.
Date of publication, distribution, etc. 1958
300 ## - PHYSICAL DESCRIPTION
Extent 200გვ.24სმ.
300 ## - PHYSICAL DESCRIPTION
Accompanying material დანართი #1 გვ. 179
653 ## - INDEX TERM--UNCONTROLLED
Uncontrolled term ტყის მეურნეობის წარმოების ორგანიზაცია და დაგეგმვა (ნაწ. 2)
942 ## - ADDED ENTRY ELEMENTS (KOHA)
Koha item type წიგნი
ეგზემპლარები
Withdrawn status Lost status Damaged status Not for loan Date acquired Barcode Date last seen Price effective from Koha item type
        2018-12-17 19395 2018-12-17 2018-12-17 წიგნი
        2018-12-17 19396 2018-12-17 2018-12-17 წიგნი
        2018-12-17 19397 2018-12-17 2018-12-17 წიგნი
        2018-12-17 19398 2018-12-17 2018-12-17 წიგნი
        2018-12-17 19399 2018-12-17 2018-12-17 წიგნი
        2018-12-17 19400 2018-12-17 2018-12-17 წიგნი